Les villes côtières françaises en dehors de la France Métropolitaine! - Statistiques

Statistiques générales
  • Ce quiz a été pris 37 fois
  • Le résultat moyen est 13 sur 47
Statistiques - réponses
Région Ville % Correct
Cayenne
88%
MARTINIQUE Fort-de-France
84%
Nouméa
84%
Mamoudzou
81%
Saint-Denis
81%
Saint-Pierre
81%
Saint-Pierre
81%
Papeete
69%
Saint-Paul
69%
Kourou
63%
SAINT-PIERRE-ET-MIQUELON Miquelon-Langlade
50%
Les Abymes
47%
LA RÉUNION Saint-André
38%
Sainte-Anne
31%
Le Robert
28%
Saint-Louis
28%
Koungou
25%
Le Lamentin
25%
Matā'utu
22%
GUADELOUPE Baie-Mahault
19%
MAYOTTE Dzaoudzi
19%
POLYNÉSIE FRANÇAISE Faaa
19%
NOUVELLE-CALÉDONIE Dumbéa
16%
Le Gosier
16%
Le François
13%
Schœlcher
13%
Lifou
9%
Petit-Bourg
9%
L’archipel de Kerguelen Port-aux-Français
9%
Le Mont-Dore
6%
Mahina
6%
Païta
6%
Punaauia
6%
Remire-Montjoly
6%
Sada
6%
Tsingoni
6%
WALLIS-ET-FUTUNA Alele
3%
GUYANE FRANÇAISE Awala-Yalimapo
3%
Terre Adélie Dumont d'Urville
3%
Macouria
3%
Moorea-Maiao
3%
Ono
3%
L’archipel de Kerguelen Port Jeanne d'Arc
3%
Taoa
3%
Vaitupu
3%
Crozet Alfred Faure
0%
Saint-Paul et Amsterdam Martin-de-Viviès (ancien La Roche Gondon)
0%
Aucun quiz correspondant
Distribution des résultats
% des personnes avec chaque résultat
Percentile par nombre de réponses
Votre historique - résultats
Vous n’avez pas pris ce quiz